000
00375nam a22001577a 4500
003
MPLRDC
005
20220104125618.0
008
210129b ||||| |||| 00| 0 eng d
082
_a
947.413 GQLMZ v.6
100
_a
高桥留美子
245
_a
乱马. 六
_c
260
_a
_b
创艺出版社
_c
300
_b
平
650
_a
长篇漫画
942
_c
BK
_o
947.413 GQLMZ v.6
999
_c
28752
_d
28742